Théatre des Grecs : tome sixième /

Furkejuvvon:
Bibliográfalaš dieđut
Váldodahkki: Eurípides (autor)
Eará dahkkit: Brumoy, Pierre (selección, versión y traducción) (selección, versión y traducción), Prévost, Pierre (estudio y traducción) (estudio y traducción)
Materiálatiipa: Girji
Giella:fránskkagiella
Preanttus:Nueva ed.
Ráidu:(Théatre des Grecs)
Fáttát:
Fáddágilkorat: Lasit fáddágilkoriid
Eai fáddágilkorat, Lasit vuosttaš fáddágilkora!

MARC

LEADER 00000nam^a2200000^a^4500
001 000365180
005 20250526000000.0
009 20260310115636.632
037 |a Acervo Xavier Clavigero 
041 |a FRA 
082 |a 882.  |b THE V. 6 
100 |a Eurípides  |e (autor) 
240 1 1 |a [Théatre des Grecs] 
240 1 1 |a [Medea] 
240 1 1 |a [Hipólito] 
240 1 1 |a [Alcestes] 
240 1 1 |a [Andrómaca] 
245 1 0 |a Théatre des Grecs :  |b tome sixième /  |c Selec. y versión de P. Brumoy. 
250 |a Nueva ed. 
264 |a París, Francia :  |b Cussac, Libraire,  |c 1786 
300 |a VIII, 517 p., [2] láminas ;  |c 20.5 cm. 
336 |a texto  |b txt  |2 rdacontenido 
337 |a sin mediación  |b n  |2 rdamedio 
338 |a volumen  |b nc  |2 rdasoporte 
440 1 |a (Théatre des Grecs) 
501 |a Encuadernación particular 
545 0 |a Eurípides (480 a.C. - 406 a.C.) fue un dramaturgo griego, y uno de los principales representantes de la tragedia griega junto con Sófocles y Esquilo. Bajo la influencia de los filósofos sofistas y de su amistad con Sócrates, en sus obras reflejó el escepticismo ante los valores morales y religiosos tradicionales al retratar las debilidades y los conflictos humanos con un tono más profundo y realista. Esto se observaba en la naturalidad del habla de los personajes, en el virtuosismo de sus protagonistas femeninas, o en la resolución de sus tramas mediante el deus ex machina. Se estima que escribió cerca de 92 obras, de las cuales se han conservado únicamente 17. Entre sus más importantes están Alcestes (438 a.C.), Medea (431 a.C.), Hipólito (428 a.C.), Electra (420 a.C.), Hécuba (420 a.C.), Las troyanas (415 a.C.), Helena (412 a.C.), Orestes (408 a.C.) o Los bacantes (406 a.C.). 
561 |a Ex libris de Carlos Ramírez Escandón 
561 |a Ex libris de Francisco J. Ramírez 
561 |a Ex libris de Bibl. Domus. San Cayetano 
562 |a Falta lámina 
562 |a Falta cubierta 
649 |a XX 
650 |a Tragedia Clásica 
650 |a Tragedia Clásica -  |x Historia y Crítica 
650 |a Tragedia Griega 
650 |a Tragedia Griega -  |x Historia y Crítica 
650 |a Teatro Clásico 
650 |a Teatro Clásico -  |x Historia y Crítica 
650 |a Teatro Griego 
650 |a Teatro Griego -  |x Historia y Crítica 
650 |a Literatura Clásica -  |y Siglo V a.C. 
650 |a Literatura Clásica -  |x Historia y Crítica 
650 |a Literatura Griega -  |y Siglo V a.C. 
650 |a Literatura Griega -  |x Historia y Crítica 
740 0 |a Médée :  |b tragédie /  |c Eurípides ; examen de la obra y tr. por P. Prévost. 
740 0 |a Hyppolyte :  |b tragédie /  |c Eurípides ; tr. por P. Brumoy. 
740 0 |a Alceste :  |b tragédie /  |c Eurípides ; tr. por P. Brumoy. 
740 0 |a Andromaque :  |b tragédie /  |c Eurípides ; examen de la obra y tr. por P. Prévost. 
700 |a Brumoy, Pierre  |e (selección, versión y traducción) 
700 |a Prévost, Pierre  |e (estudio y traducción) 
910 |a Fondo General 
920 |a Impresos - Libros 
930 |a Libros Antiguos y Raros 
940 |a Literatura 
905 |a 108 
901 |a 0500258857  |b IT2  |c LRA  |u 20250526 
902 |a https://opac.biblio.iteso.mx/vufind/Record/000365180